Central Library OPAC University of Rajshahi

সংবাদপত্রে বঙ্গবন্ধু : (Record no. 77315)

MARC details
000 -LEADER
fixed length control field 01639nam a22003137a 4500
001 - CONTROL NUMBER
control field 77315
003 - CONTROL NUMBER IDENTIFIER
rucl marc code BD-RjUL
005 - DATE AND TIME OF LATEST TRANSACTION
control field 20211209082946.0
008 - FIXED-LENGTH DATA ELEMENTS--GENERAL INFORMATION
fixed length control field 200312s2019 bg ||||| |||| 00| 0 eng d
020 ## - INTERNATIONAL STANDARD BOOK NUMBER
International Standard Book Number 9789847320496
035 ## - SYSTEM CONTROL NUMBER
System control number (BD-RjUL)77540
040 ## - CATALOGING SOURCE
Original cataloging agency BD-RjUL
Language of cataloging eng
Transcribing agency BD-RjUL
041 ## - LANGUAGE CODE
Language code of text/sound track or separate title eng
082 ## - DEWEY DECIMAL CLASSIFICATION NUMBER
Edition number 23
Classification number 954.9205
Author mark and year SAN 2019
245 00 - TITLE STATEMENT
Title সংবাদপত্রে বঙ্গবন্ধু :
Remainder of title আগরতলা ষড়যন্ত্র মামলা /
Statement of responsibility, etc. প্রধান সম্পাদক, জাফর ওয়াজেদ ; উপদেষ্টা পরিষদ, আবেদ খান, সাখাওয়াত আলী খান, মফিদুল হক, আবু মো. দেলোয়ার হোসেন.
260 ## - PUBLICATION, DISTRIBUTION, ETC. (IMPRINT)
Place of publication, distribution, etc. ঢাকা :
Name of publisher, distributor, etc. প্রেস ইনস্টিটিউট বাংলাদেশ,
Date of publication, distribution, etc. ২০১৯
300 ## - PHYSICAL DESCRIPTION
Pagination খণ্ড ;
Size ২২ সেমি.
505 01 - FORMATTED CONTENTS NOTE
Formatted contents note খণ্ড. ১ম --
600 ## - SUBJECT ADDED ENTRY--PERSONAL NAME
Personal name মুজিবুর রহমান, শেখ,
Dates associated with a name ১৯২০- ১৯৭৫
Personal name Mujibur Rahman, Shaikh
Dates associated with a name 1920-1975.
650 ## - SUBJECT ADDED ENTRY--TOPICAL TERM
Topical term or geographic name as entry element মুক্তিযুদ্ধ
Geographic subdivision বাংলাদেশ
Chronological subdivision ১৯৭১
9 (RLIN) 240836
Topical term or geographic name as entry element Liberation war
Geographic subdivision Bangladesh
Chronological subdivision 1971
9 (RLIN) 240837
700 ## - ADDED ENTRY--PERSONAL NAME
Personal name ওয়াজেদ, জাফর
Personal name খান, আবেদ
Personal name সাখাওয়াত আলী, খান
Personal name হক, মফিদুল
Personal name হোসেন, আবু মো. দেলোয়ার
942 ## - ADDED ENTRY ELEMENTS (KOHA)
Source of classification or shelving scheme Dewey Decimal Classification
Koha item type Books
Holdings
Lost status Source of classification or shelving scheme Damaged status Not for loan Collection code Permanent Location Current Location Shelving location Date acquired Source of acquisition Cost, normal purchase price Total Checkouts Full call number Date last seen Copy number Koha item type
  Dewey Decimal Classification     Non-fiction Central Library, University of Rajshahi Central Library, University of Rajshahi   05/03/2020 Press Institute Bangladesh, Dhaka 450.00   B 954.9205 SAN V-1 2019 12/03/2020 C-2 Books
  Dewey Decimal Classification   Not For Loan Non-fiction Central Library, University of Rajshahi Central Library, University of Rajshahi Reading Room 05/03/2020 Press Institute Bangladesh, Dhaka 450.00   B 954.9205 SAN V-1 2019 12/03/2020 C-1 Books